书目信息 |
| 题名: |
碱激发矿渣胶凝材料砌块砌体设计
|
|
| 作者: | 郑文忠 , 焦贞贞 , 王英 著 | |
| 分册: | ||
| 出版信息: | 哈尔滨 哈尔滨工业大学出版社 2021.04 |
|
| 页数: | 172页 | |
| 开本: | 24cm | |
| 丛书名: | 现代土木工程精品系列图书 | |
| 单 册: | ||
| 中图分类: | TU528.2 | |
| 科图分类: | ||
| 主题词: | 碱矿渣混凝土--jian kuang zha hun ning tu--砌块--砌体结构 | |
| 电子资源: | ||
| ISBN: | 978-7-5603-8645-4 | |
| 000 | 01572nam 2200325 450 | |
| 001 | CAL 0120217210243 | |
| 005 | 20210714151344.9 | |
| 010 | @a978-7-5603-8645-4@dCNY58.00 | |
| 100 | @a20210714d2021 em y0chiy0120 ea | |
| 101 | 0 | @achi |
| 102 | @aCN@b230000 | |
| 105 | @aak a 001yy | |
| 106 | @ar | |
| 200 | 1 | @a碱激发矿渣胶凝材料砌块砌体设计@Ajian ji fa kuang zha jiao ning cai liao qi kuai qi ti she ji@d= Design of alkali-activated slag cementitious material block masonry@f郑文忠, 焦贞贞, 王英著@zeng |
| 210 | @a哈尔滨@c哈尔滨工业大学出版社@d2021.04 | |
| 215 | @a172页@c图@d24cm | |
| 225 | 2 | @a现代土木工程精品系列图书@Axian dai tu mu gong cheng jing pin xi lie tu shu |
| 300 | @a“十三五”国家重点出版物出版规划项目 黑龙江省优秀学术著作/“双一流”建设精品出版工程 | |
| 314 | @a郑文忠, 哈尔滨工业大学教授, 教育部长江学者特聘教授。焦贞贞, 佛山科学技术学院讲师。王英, 哈尔滨工业大学副教授。 | |
| 320 | @a有书目 (第151-168页) 和索引 | |
| 330 | @a本书主要介绍碱激发矿渣净浆和陶砂浆配合比优选、陶粒混凝土砌块砌体轴心抗压和抗剪性能、轴心抗拉性能、弯曲抗拉性能、渣陶粒混凝土砌块砌体受压应力—应变全曲线方程及计算指标等内容。 | |
| 410 | 0 | @12001 @a现代土木工程精品系列图书 |
| 510 | 1 | @aDesign of alkali-activated slag cementitious material block masonry@zeng |
| 606 | 0 | @a碱矿渣混凝土@Ajian kuang zha hun ning tu@x砌块@x砌体结构 |
| 690 | @aTU528.2@v5 | |
| 701 | 0 | @a郑文忠@Azheng wen zhong@4著 |
| 701 | 0 | @a焦贞贞@Ajiao zhen zhen@4著 |
| 701 | 0 | @a王英@Awang ying@4著 |
| 801 | 0 | @aCN@b人天书店@c20210714 |
| 905 | @aTSG@b0000021@dTU528.2@eZ454@f2 | |
| 碱激发矿渣胶凝材料砌块砌体设计= Design of alkali-activated slag cementitious material block masonry/郑文忠, 焦贞贞, 王英著.-哈尔滨:哈尔滨工业大学出版社,2021.04 |
| 172页:图;24cm.-(现代土木工程精品系列图书) |
| “十三五”国家重点出版物出版规划项目 黑龙江省优秀学术著作/“双一流”建设精品出版工程 |
| ISBN 978-7-5603-8645-4:CNY58.00 |
| 本书主要介绍碱激发矿渣净浆和陶砂浆配合比优选、陶粒混凝土砌块砌体轴心抗压和抗剪性能、轴心抗拉性能、弯曲抗拉性能、渣陶粒混凝土砌块砌体受压应力—应变全曲线方程及计算指标等内容。 |
| ● |
| 相关链接 |
|
|
|
正题名:碱激发矿渣胶凝材料砌块砌体设计
索取号:TU528.2/Z454
 
预约/预借
| 序号 | 登录号 | 条形码 | 馆藏地/架位号 | 状态 | 备注 |
| 1 | 1530723 | 215307237 | 建筑库201/201建筑库 8排2列4层/ [索取号:TU528.2/Z454] | 在馆 | |
| 2 | 1530724 | 215307246 | 建筑库201/201建筑库 8排2列4层/ [索取号:TU528.2/Z454] | 在馆 |